Najpopularniejsze sklepy w Polsce - Statystyki

Ogólne statystyki
  • Ten quiz został rozwiązany 1 490 razy
  • Średni wynik to 3 z 10
Statystyki odpowiedzi
Sklep % Poprawnych
Lidl
90%
Allegro
30%
Nike
26%
Rossmann
26%
Ikea
25%
Empik
22%
4F
20%
Reserved
17%
Hebe
15%
Eobuwie
11%
Nie znaleziono quizów pasujących do podanych kryteriów
Rozkład punktacji
Procent ludzi z każdym wynikiem
Percentyl według liczby udzielonych odpowiedzi
Twoja historia wyników
Nie rozwiązałeś tego quizu